Plan de actividades del ITCO sobre desarrollo rural período 1974-78, versión preliminar

Spremljeno u:
Bibliografski detalji
Autor kompanije: Instituto de Tierras y Colonización (Costa Rica)
Format: Tekst
Izdano: San José: ITCO
Oznake: Dodaj oznaku
Bez oznaka, Budi prvi tko označuje ovaj zapis!

MARC

LEADER 00000 a a2200000 04500
001 17660
003
040
090 |a 000600  
110 |a Instituto de Tierras y Colonización (Costa Rica)  
245 |a Plan de actividades del ITCO sobre desarrollo rural período 1974-78, versión preliminar  
260 |a San José:   |b ITCO  
300 |a 109 p  
999 |c 13557  |d 13557